Fiscal policy, log-run stability and aggregate supply (Registro nro. 26960)

Detalles MARC
000 -LEADER
fixed length control field 00347 a2200109 4500
001 - CONTROL NUMBER
control field ART_14622
005 - DATE AND TIME OF LATEST TRANSACTION
control field 20260410161913.0
008 - FIXED-LENGTH DATA ELEMENTS--GENERAL INFORMATION
fixed length control field 260409a
100 1# - MAIN ENTRY--PERSONAL NAME
Personal name Gylfason, Thorvaldur
245 10 - TITLE STATEMENT
Title Fiscal policy, log-run stability and aggregate supply
773 0# - HOST ITEM ENTRY
Title European economic review
Related parts - Vol. 11, Nº 1 (may. 1978)
Record control number REV13346

No hay ítems disponibles.